000 03013nam a2200301 i 4500
001 15638
003 ES-MaACL
005 20251018063038.0
007 t|
008 000407s1999 sp ||||1| spa d
020 _a8433969005
040 _cES-MaACL
080 _a821.111(73)-31"19"
100 1 _aVonnegut, Kurt,
_d1922-2007
_9242361
_eaut
245 1 3 _aEl desayuno de los campeones /
_cKurt Vonnegut ; traducción de Cecilia Ceriani y Txaro Santoro ; con dibujos del autor.
260 _aBarcelona :
_bAnagrama,
_c[1999]
300 _a268 páginas :
_bilustrado ;
_c22 cm.
490 1 _aPanorama de narrativas ;
_v440
520 _aPhilboyd Studge, un autor de novelas de humor muy negro y decididamente molestas para los bienpensantes, decide a sus cincuenta años de vida escribir su obra definitiva, en la que aparezcan todos los personajes e historias que han quedado flotando como desechos de sus otros libros, todas las ideas que no aprovechó, todos sus recuerdos y hasta sus dibujos. Y Studge, que hace y deshace en su libro como si fuera Dios jugando con el universo, construye a partir del providencial encuentro entre su personaje favorito, Kilgore Trout, desconocido y cincuentón escritor de novelas de ficción científica, y Dwayne Hoover, un acaudalado vendedor de coches que descubre en un libro de Trout un «mensaje» que cree que está destinado sólo a él, una obra total donde cabe todo su caótico universo real e imaginario. Y así, en una novela ficticia que se despliega dentro de una novela real como una sucesión de muñecas rusas, o de cajas chinas, encontraremos los divertidísimos resúmenes de los libros publicados e inéditos del escritor Kilgore Trout, las venturas y desventuras familiares de Dwayne, el demente vendedor de coches cuya mujer se suicidó bebiendo un desatascador de tuberías y que tiene un hijo homosexual y pianista que no es precisamente su descendiente soñado, y también una miríada de sorprendentes personajes secundarios, algunos de los cuales ya han aparecido en otras novelas de Vonnegut, y otros que, como el inefable pintor Rabo Karabekian de Barbazul, retornarán como protagonistas años y libros más tarde... Con "El Desayuno de los Campeones", Vonnegut ha escrito una de las grandes novelas de los años setenta. Los críticos han comparado esta exhuberante y divertidísima farsa sobre los mecanismos de la creación y la aventura de la vida con las obras de Lewis Carroll, y han visto en el ingenuo y a la vez sabio Kilgore Trout una peculiar y original versión de Alicia, trasplantada a la tremenda e inolvidable América de las Maravillas vonnegutiana.
655 7 _2tgfbne
_9176428
_aNovelas de humor
700 1 _aCeriani, Cecilia
_937519
_etrl
700 1 _aSantoro, Txaro
_9103461
_etrl
830 0 0 _aPanorama de narrativas
_v440
_9123642
852 _aES-MaACL
_jL-22698
_bR.128208
_916003
_cDEPO2
942 _cMONOGRAFIA
_n0
999 _c15638
_d15638